000 00552nam a22001697a 4500
999 _c16624
_d16624
008 180131b xxu||||| |||| 00| 0 eng d
020 _a0415992052
040 _aKABU
_cKABU
050 _aP91.25
_b.K49 2009 c. 1
245 _aKey readings in media today
_bmass communication in contexts
_cedited by Brooke ErinDuffy and Joseph Turow
260 _aNew York
_bRoutledge
_c2009
300 _axi,
650 _aMass media
700 _aDuffy, Brooke Erin
700 _aTurow, Joseph
942 _2lcc
_cBK
_hP91.25 .K49 2009 c. 1